"Прочти мое желание..." Постмодернизм, психоанализ, феминизм

Podrobná bibliografie
Hlavní autor: Жеребкина И. Ирина
Jazyk:ruština
Vydáno: Москва, Идея-Пресс, 2000
Témata:
Médium: Kniha
KOHA link:https://koha.lib.tpu.ru/cgi-bin/koha/opac-detail.pl?biblionumber=22970

MARC

LEADER 00000nam0a2200000 4500
001 22970
005 20231030195002.0
010 |a 5733300256 
035 |a (RuTPU)RU\TPU\book\23185 
035 |a BOOK00000949 
090 |a 22970 
100 |a 20011209d2000 k y0rusy50 ca 
101 0 |a rus 
102 |a RU 
105 |a y z 001zy 
200 1 |a "Прочти мое желание..." Постмодернизм, психоанализ, феминизм  |f И. Жеребкина  |f И. Жеребкина 
210 |a Москва  |c Идея-Пресс  |d 2000 
215 |a 256 с. 
610 1 |a психология 
610 1 |a философия 
610 1 |a постмодернизм 
610 1 |a психоанализ 
610 1 |a феминизм 
610 1 |a история 
610 1 |a 20 век 
686 |a Ю3(0)6  |v LBC/SL-A  |2 rubbk 
686 |a Ю937.3  |v LBC/SL-A  |2 rubbk 
700 1 |a Жеребкина  |b И.  |g Ирина 
801 0 |a RU  |b 63413507  |c 20011209  |g PSBO 
801 2 |a RU  |b 63413507  |c 20140710  |g PSBO 
942 |c BK